000 00476cam a2200193ua 4500
001 2301
005 20260515113454.0
008 110806n ii |||gr||||Z||||||eng
040 _cMAIN
082 _a370.15
100 _aBhatia, Hans Raj,
_eAuthor.
245 1 _aEducational psychology
_cby Hans Raj Bhatia
250 _a4th.
260 _aBombay:
_bOrient longmans,969.
300 _a450p:
_c23cm.
653 _aEducation
653 _aEducational psychology
942 _cBK
999 _c2161
_d2161